Institut und Prinzip: Siedlungsgeschichtliche Grundlagen, philosophische Einflusse und das Fortwirken der beiden republikanischen Konzeptionen in den kaiserzeitlichen Rechtsschulen

-д хадгалсан:
Номзүйн дэлгэрэнгүй
Үндсэн зохиолч: Behrends, Okko (Зохиогч)
Формат: Ном
Хэл сонгох:герман
Хэвлэсэн: Gotinga Walsstein 2004
Хэвлэл:1a. ed
Нөхцлүүд:
Шошгууд: Шошго нэмэх
Шошго байхгүй, Энэхүү баримтыг шошголох эхний хүн болох!

MARC

LEADER 00000cam a2200000 a 4500
001 UCE1061
003 CL-VaPUC
008 140324e20040000gw |||||||||||||||||ger|d
020 |a 3892448329o.c 
082 0 4 |a 349.943  |b BEH  |2 21 
100 0 |a Behrends, Okko  |e author  |9 573444 
245 1 0 |a Institut und Prinzip: Siedlungsgeschichtliche Grundlagen, philosophische Einflusse und das Fortwirken der beiden republikanischen Konzeptionen in den kaiserzeitlichen Rechtsschulen 
250 |a 1a. ed 
300 |a v 
942 |c BK 
945 |d 20140324 12:18:00  |a dcastane 
260 |a Gotinga  |b Walsstein  |c 2004 
650 0 |a Derecho alemán   |9 385144 
650 0 |a Fuentes del derecho   |9 255162 
583 |a last modification  |c 20140324 12:18:00  |k Rodrigo Vera 
999 |c 355000  |d 354998 
952 |0 0  |1 0  |3 erb  |4 0  |6 349_943000000000000_BEH_2004  |7 0  |8 DER_ROM  |9 461295  |a BIBDER  |b BIBDER  |h v.1  |i 5062195  |l 1  |o 349.943 BEH 2004  |p 5062195  |r 2023-01-25  |s 2020-03-17  |w 2019-11-23  |x Ubicación 4to piso  |y BK  |z Este recurso debe solicitarse con anticipación  |k DER 
952 |0 0  |1 0  |3 erb  |4 0  |6 349_943000000000000_BEH_2004  |7 0  |8 DER_ROM  |9 461296  |a BIBDER  |b BIBDER  |h v.2  |i 5062209  |l 1  |o 349.943 BEH 2004  |p 5062209  |r 2023-01-25  |s 2020-03-17  |w 2019-11-23  |x Ubicación 4to piso  |y BK  |z Este recurso debe solicitarse con anticipación  |k DER